000 005190000a22001810004500
003 MACL
005 20160504165042.0
008 160504b xxu||||| |||| 00| 0 eng d
040 _aMACL
_cMACL
041 _aHindi
082 _a800 NEE
100 _aनीलाभ
_9555
245 _aमैं और मेरा समय
_cनीलाभ
260 _bउपासना प्रकाशन
_c2001
_aइलाहाबाद
350 _a150
650 _aLiterature
_955225
942 _cHIN
_k800/NEE/L
_2ddc
999 _c9859
_d9859